000 00613nam a2200241Ia 4500
001 16173
003 GE_BSU
008 181216s||||||||xx |||||||||||||| ||und||
020 _a9781471512605
040 _cGE_BSU
080 _a811.111+005
100 _aEvans,Virginia. Dooley,J.Brown,Henry
245 _aManagement II. Book1.Book2.Book3
260 _aNewbury
260 _bExpress Publishing
260 _c2013
300 _a127p.ill.30cm.
541 _h27Gel.43T.
653 _aManagement
653 _aინგლისური ენა
653 _aმენეჯმენტი
942 _cBK
999 _c49259
_d49259